| Registos Bibliográficos associados ao registo de autoridade |
|
Etiqueta de registo: 00254nam 2200025 450 001 2162236 003 http://id.bnportugal.gov.pt/bib/catbnp/2162236 010 ## $a978-972-8669-98-0 021 ## $aPT$b514584/23 100 ## $a20240326d2023 m y0pory01030103ba 101 0# $apor 102 ## $aPT 105 ## $aa g 000yy 106 ## $ar 200 1# $aReserva Natural de Santa Luzia (Cabo Verde)$eguia ilustrado da flora e vegetação$fed. Isildo Gomes... [et al.]$ffot. Carlos Neto, Fréderic Bioret, José Carlos Costa 210 #9 $aLisboa$cIsa Press,$d2023 215 ## $a103 p.$cil.$d23 cm 675 ## $a581.91/.92(665.8)(035)$vBN$zpor$31912558 675 ## $a712.2(665.8)(035)$vBN$zpor$31912559 702 #1 $aGomes,$bIsildo Gonçalves$4340$3800444 702 #1 $96$aNeto,$bCarlos$4600$31911534 702 #1 $aBioret,$bFréderic$4600$31911535 702 #1 $93$aCosta,$bJosé Carlos$4600$31911536 801 #0 $aPT$bBN$gRPC 856 41 $uhttp://rnod.bnportugal.gov.pt/ImagesBN/winlibimg.aspx?skey=&doc=2162236&img=192063&save=true 900 ## $aBIBNAC$d20240515 966 ## $lBN$mFGMON$sS.A. 187795 V.$x1 966 ## $lBN$mFGMON$sS.A. 187795 V.-D$x1 971 ## $ccsilva$d20240326 972 ## $e0$z0$d20240515$vmsebas 973 ## $cmlsousa$d20240408
Etiqueta de registo: 00254nam 2200025 450 001 2289117 003 http://id.bnportugal.gov.pt/bib/catbnp/2289117 010 ## $a978989339240-9 021 ## $aPT$b563575/26 100 ## $a20260629d2026 m d0pory01030103ba 101 0# $apor 102 ## $aPT 105 ## $aa z 000yy 106 ## $ar 200 1# $aPatrimónio imaterial e material de Outeiro Seco$fNuno Afonso dos Santos$gfot. Humberto Ferreira, Nuno Santos, José Carlos Costa 210 #9 $aOuteiro Seco$cJunta de Freguesia de Outeiro Seco,$dD.L. 2026 215 ## $a222 p.$cil.$d27 cm 700 #1 $92$aSantos,$bNuno Afonso dos$32002002 702 #1 $93$aFerreira,$bHumberto$4600$31421192 702 #1 $93$aCosta,$bJosé Carlos$4600$31911536 801 #0 $aPT$bBN$gRPC 971 ## $cssilva$d20260629
|
|
|